000 00208nam a22000977a 4500
999 _c15877
_d15877
003 OSt
008 191022b ||||| |||| 00| 0 eng d
100 _aBhaskaran, P.
_94368
245 _aOrikal koodi
942 _cBK